[Event "IM Not A GM Speed Chess"]
[Site "chess.com INT"]
[Date "2020.05.14"]
[Round "3.6"]
[White "Coleman, Teddy"]
[Black "Kashlinskaya, Alina"]
[Result "0-1"]
[WhiteTitle "IM"]
[BlackTitle "IM"]
[WhiteElo "2333"]
[BlackElo "2494"]
[WhiteFideId "2022010"]
[BlackFideId "4198026"]
[EventDate "2020.04.18"]

1. c4 e5 2. Nc3 Bb4 3. Nd5 Be7 4. Nf3 d6 5. d4 Nf6 6. e4 O-O 7. Bd3 Bg4 8. Nxe7+
Qxe7 9. d5 Nbd7 10. h3 Bxf3 11. Qxf3 Nc5 12. Bc2 a5 13. Bg5 h6 14. Be3 Nfd7 15.
g4 c6 16. O-O-O cxd5 17. cxd5 Rac8 18. Kb1 Nb6 19. Rdg1 Nc4 20. Bc1 a4 21. g5
hxg5 22. Rxg5 f6 23. Rg6 Rf7 24. h4 Qc7 25. h5 Nb3 26. Bxb3 axb3 27. Qxb3 Kf8
28. h6 gxh6 29. Bxh6+ Ke7 30. a3 b5 31. Qh3 Qd7 32. Qg3 Kd8 33. Rc1 Rc7 34. Rg8+
Ke7 35. Rg7 Kd8 36. Qg6 Rxg7 37. Qxf6+ Re7 38. Bg5 Kc8 39. Rh1 Kb7 40. f4 exf4
41. Bxf4 Rxe4 42. Bg5 Re2 0-1

[Event "IM Not A GM Speed Chess"]
[Site "chess.com INT"]
[Date "2020.05.14"]
[Round "3.7"]
[White "Kashlinskaya, Alina"]
[Black "Coleman, Teddy"]
[Result "1-0"]
[WhiteTitle "IM"]
[BlackTitle "IM"]
[WhiteElo "2494"]
[BlackElo "2333"]
[WhiteFideId "4198026"]
[BlackFideId "2022010"]
[EventDate "2020.04.18"]

1. d4 d5 2. c4 e6 3. Nc3 c6 4. e4 dxe4 5. Nxe4 Bb4+ 6. Bd2 Qxd4 7. Bxb4 Qxe4+ 8.
Be2 a5 9. Bd6 Nh6 10. Nf3 Nf5 11. Ba3 Nd7 12. O-O c5 13. Bd3 Qf4 14. b3 O-O 15.
Bc1 Qc7 16. Bb2 b6 17. Re1 Bb7 18. Ne5 Rad8 19. Qg4 f6 20. Nf3 Rde8 21. Rad1 Nh6
22. Qh3 Re7 23. Rxe6 Rfe8 24. Rde1 Nf8 25. R6e3 Rxe3 26. Rxe3 Rxe3 27. fxe3 Nf7
28. Qg4 Qd6 29. Bc2 Bc6 30. Bc3 h6 31. Kf2 Ng5 32. Nxg5 hxg5 33. Qg3 Qxg3+ 34.
Kxg3 Kf7 35. Kf2 Ke6 36. g3 Nd7 37. h4 gxh4 38. gxh4 Ne5 39. Kg3 Nf7 40. Kf4 g5+
41. hxg5 Nxg5 42. Bd1 Nf7 43. Bg4+ Ke7 44. Bh5 Nd6 45. Bg6 Bb7 46. Be1 Bc6 47.
Bh4 a4 48. e4 axb3 49. axb3 1-0

[Event "IM Not A GM Speed Chess"]
[Site "chess.com INT"]
[Date "2020.05.14"]
[Round "3.8"]
[White "Coleman, Teddy"]
[Black "Kashlinskaya, Alina"]
[Result "1/2-1/2"]
[WhiteTitle "IM"]
[BlackTitle "IM"]
[WhiteElo "2333"]
[BlackElo "2494"]
[WhiteFideId "2022010"]
[BlackFideId "4198026"]
[EventDate "2020.04.18"]

1. c4 Nf6 2. Nc3 g6 3. d4 Bg7 4. e4 d6 5. Nge2 O-O 6. f3 a6 7. Be3 b5 8. cxb5
axb5 9. Nxb5 c6 10. Nbc3 Nbd7 11. Nc1 e5 12. Be2 d5 13. dxe5 Nxe5 14. exd5 Nxd5
15. Nxd5 cxd5 16. O-O d4 17. Bf2 Bf5 18. Bd3 Qd7 19. a4 Rfb8 20. a5 Rxb2 21.
Bxf5 gxf5 22. Nd3 Nxd3 23. Qxd3 Qb5 24. Rfd1 Rxa5 25. Rxa5 Qxa5 26. Bxd4 Bxd4+
27. Qxd4 Qb6 28. Qxb6 Rxb6 29. Rd5 Rf6 30. Kf2 Kg7 31. Kg3 Kg6 32. Kf4 Ra6 33.
Rd4 Rb6 34. g3 Ra6 35. h4 h5 36. Rc4 Rb6 37. Rd4 1/2-1/2

[Event "IM Not A GM Speed Chess"]
[Site "chess.com INT"]
[Date "2020.05.14"]
[Round "3.9"]
[White "Kashlinskaya, Alina"]
[Black "Coleman, Teddy"]
[Result "1-0"]
[WhiteTitle "IM"]
[BlackTitle "IM"]
[WhiteElo "2494"]
[BlackElo "2333"]
[WhiteFideId "4198026"]
[BlackFideId "2022010"]
[EventDate "2020.04.18"]

1. d4 d5 2. c4 e6 3. Nc3 c6 4. e4 dxe4 5. Nxe4 Bb4+ 6. Bd2 Qxd4 7. Bxb4 Qxe4+ 8.
Be2 a5 9. Bd6 Nh6 10. Qd2 Nf5 11. Ba3 Qd4 12. O-O-O Qxd2+ 13. Rxd2 Nd7 14. Nf3
c5 15. Rhd1 b6 16. Ne5 Nd4 17. Bf3 Ra7 18. Nc6 Nxc6 19. Bxc6 Rc7 20. Bb5 Ke7 21.
b3 Rd8 22. Bb2 f6 23. g4 Bb7 24. g5 Bc6 25. gxf6+ gxf6 26. Bxc6 Rxc6 27. Bxf6+
Kxf6 28. Rxd7 Rxd7 29. Rxd7 h5 30. Kd2 Kf5 31. Ke3 Kg4 32. Rg7+ Kh3 33. Rh7 h4
34. Kf4 Rc8 35. Rh6 Rf8+ 36. Kg5 Rf5+ 37. Kg6 Rxf2 38. Kg5 Rf5+ 39. Kg6 Rf4 40.
Kg5 Re4 41. Rh8 Re5+ 42. Kf6 Re2 43. Kg5 Kxh2 44. Rxh4+ Kg2 45. Kf6 Kf3 46. Rh8
e5 47. Kf5 e4 48. Rh3+ Kg2 49. Rh4 Rxa2 50. Rxe4 Rb2 51. Re3 Kf2 52. Kf4 Rb1 53.
Rh3 Rb2 54. Rh2+ 1-0

[Event "IM Not A GM Speed Chess"]
[Site "chess.com INT"]
[Date "2020.05.14"]
[Round "3.10"]
[White "Coleman, Teddy"]
[Black "Kashlinskaya, Alina"]
[Result "1-0"]
[WhiteTitle "IM"]
[BlackTitle "IM"]
[WhiteElo "2333"]
[BlackElo "2494"]
[WhiteFideId "2022010"]
[BlackFideId "4198026"]
[EventDate "2020.04.18"]

1. c4 Nf6 2. Nc3 g6 3. d4 Bg7 4. e4 d6 5. Be2 O-O 6. Be3 e5 7. d5 Na6 8. g4 Nc5
9. f3 a5 10. h4 h5 11. g5 Nfd7 12. Qd2 a4 13. O-O-O Nb6 14. Kb1 Bd7 15. Rc1 c6
16. Nh3 cxd5 17. cxd5 Qe7 18. Nf2 Rfc8 19. Nb5 Bf8 20. Rc2 Qe8 21. Na3 Rc7 22.
Rhc1 Rac8 23. Qb4 Na8 24. Nb5 Bxb5 25. Bxb5 Qd8 26. Nd3 Nb6 27. Nxc5 dxc5 28.
Qa5 Qd6 29. a3 Be7 30. Qe1 Qd8 31. Qf2 Qf8 32. f4 Bd6 33. fxe5 Bxe5 34. Rxc5 Qd6
35. Rxc7 Rxc7 36. Rxc7 Qxc7 37. Bxb6 Qe7 38. Qc5 Bd6 39. Qc8+ Kh7 40. Bd4 Be5
41. Qc3 Bf4 42. e5 1-0

[Event "IM Not A GM Speed Chess"]
[Site "chess.com INT"]
[Date "2020.05.14"]
[Round "3.11"]
[White "Kashlinskaya, Alina"]
[Black "Coleman, Teddy"]
[Result "1-0"]
[WhiteTitle "IM"]
[BlackTitle "IM"]
[WhiteElo "2494"]
[BlackElo "2333"]
[WhiteFideId "4198026"]
[BlackFideId "2022010"]
[EventDate "2020.04.18"]

1. c4 e6 2. Nf3 d5 3. e3 Nf6 4. b3 c5 5. cxd5 exd5 6. Bb2 Nc6 7. Bb5 Bd6 8. O-O
O-O 9. h3 Ne4 10. d4 cxd4 11. Nxd4 Ne5 12. Nd2 a6 13. Be2 Bd7 14. N2f3 Qe7 15.
Rc1 Rad8 16. Rc2 Bb8 17. Nxe5 Qxe5 18. Nf3 Qh5 19. Qd4 Nf6 20. Ne5 Qh6 21. Nxd7
Rxd7 22. Bf3 Rfd8 23. Rfc1 Qg5 24. Rc8 h6 25. Ba3 Qf5 26. Rxd8+ Rxd8 27. Be7 Rc8
28. Rxc8+ Qxc8 29. g3 Qc1+ 30. Kg2 Ne4 31. Bxe4 dxe4 32. Qd8+ 1-0

[Event "IM Not A GM Speed Chess"]
[Site "chess.com INT"]
[Date "2020.05.14"]
[Round "3.12"]
[White "Coleman, Teddy"]
[Black "Kashlinskaya, Alina"]
[Result "0-1"]
[WhiteTitle "IM"]
[BlackTitle "IM"]
[WhiteElo "2333"]
[BlackElo "2494"]
[WhiteFideId "2022010"]
[BlackFideId "4198026"]
[EventDate "2020.04.18"]

1. c4 e5 2. Nc3 Bb4 3. Nd5 Be7 4. d4 exd4 5. Qxd4 Nf6 6. Nxe7 Qxe7 7. Bg5 Nc6 8.
Qc3 d6 9. e3 Ne5 10. Nf3 h6 11. Bh4 O-O 12. Nxe5 dxe5 13. Bd3 Qe6 14. O-O-O Nd7
15. f3 Nc5 16. Bc2 a5 17. g4 Bd7 18. Bg3 Rfe8 19. h4 Bc6 20. Rdf1 Rad8 21. h5 e4
22. Bxc7 Rd7 23. Bb6 Na4 24. Bxa4 Bxa4 25. Bd4 exf3 26. g5 Rc8 27. b3 Rdc7 28.
Kb2 Rxc4 29. bxc4 Rxc4 30. Qd3 Rc2+ 31. Qxc2 Bxc2 32. Kxc2 Qxa2+ 33. Kc3 b5 34.
Rxf3 b4+ 35. Kd3 Qb3+ 36. Ke4 Qc2+ 37. Kf4 hxg5+ 38. Kg3 b3 39. Rf2 Qc6 40. h6
Qxh1 0-1

[Event "IM Not A GM Speed Chess"]
[Site "chess.com INT"]
[Date "2020.05.14"]
[Round "3.13"]
[White "Kashlinskaya, Alina"]
[Black "Coleman, Teddy"]
[Result "1-0"]
[WhiteTitle "IM"]
[BlackTitle "IM"]
[WhiteElo "2494"]
[BlackElo "2333"]
[WhiteFideId "4198026"]
[BlackFideId "2022010"]
[EventDate "2020.04.18"]

1. d4 d5 2. c4 c6 3. cxd5 cxd5 4. Bg5 Nc6 5. Nc3 Nf6 6. Bxf6 gxf6 7. Nf3 e6 8.
e3 f5 9. Bd3 Bd6 10. g3 a6 11. a3 Bd7 12. O-O O-O 13. Rc1 Kh8 14. Nh4 Rc8 15.
Qh5 Qf6 16. Nxd5 exd5 17. Nxf5 Bxf5 18. Bxf5 h6 19. Bxc8 Rxc8 20. Qxd5 Rd8 21.
Qe4 Bb8 22. Rc5 Kg7 23. Rfc1 Ne7 24. Qxb7 Nf5 25. Qf3 Nd6 26. Qxf6+ Kxf6 27. Ra5 1-0

[Event "IM Not A GM Speed Chess"]
[Site "chess.com INT"]
[Date "2020.05.14"]
[Round "3.14"]
[White "Coleman, Teddy"]
[Black "Kashlinskaya, Alina"]
[Result "0-1"]
[WhiteTitle "IM"]
[BlackTitle "IM"]
[WhiteElo "2333"]
[BlackElo "2494"]
[WhiteFideId "2022010"]
[BlackFideId "4198026"]
[EventDate "2020.04.18"]

1. c4 e5 2. Nc3 Bb4 3. Nd5 Be7 4. Nf3 d6 5. d4 e4 6. Nd2 f5 7. e3 Nf6 8. Nc3 O-O
9. Be2 c5 10. d5 Nbd7 11. b3 Ne5 12. Qc2 a6 13. h3 b5 14. cxb5 axb5 15. Nxb5
Nxd5 16. O-O Nb4 17. Qd1 Nbd3 18. f4 Nxc1 19. Rxc1 Nf7 20. a4 d5 21. Nb1 Be6 22.
Qd2 Qd7 23. Rfd1 Rfd8 24. N1a3 Nd6 25. Nxd6 Bxd6 26. Nb5 Be7 27. Rc2 d4 28. Bc4
d3 29. Bxe6+ Qxe6 30. Rc4 Qb6 31. Rdc1 Rd7 32. g3 h6 33. Kh2 Kh7 34. Rd1 Bd8 35.
Qc3 Bf6 36. Qc1 Qa5 37. Rxc5 d2 38. Qc2 Rd3 39. Rxf5 Rxe3 40. Rxf6 Re2+ 41. Kg1
gxf6 42. Qc4 Re1+ 43. Kf2 Kg7 0-1

[Event "IM Not A GM Speed Chess"]
[Site "chess.com INT"]
[Date "2020.05.14"]
[Round "3.15"]
[White "Kashlinskaya, Alina"]
[Black "Coleman, Teddy"]
[Result "1-0"]
[WhiteTitle "IM"]
[BlackTitle "IM"]
[WhiteElo "2494"]
[BlackElo "2333"]
[WhiteFideId "4198026"]
[BlackFideId "2022010"]
[EventDate "2020.04.18"]

1. d4 d5 2. c4 e6 3. Nf3 Nf6 4. Nc3 c6 5. Bg5 Nbd7 6. cxd5 exd5 7. e3 Be7 8. Bd3
O-O 9. Qc2 Re8 10. O-O Nf8 11. h3 g6 12. Bf4 Ne6 13. Be5 Ng7 14. Rab1 Bf5 15. b4
a6 16. Na4 Bxd3 17. Qxd3 Ne4 18. Nc5 f6 19. Bh2 Qc8 20. Nxe4 dxe4 21. Qxe4 Bxb4
22. Qd3 a5 23. Nd2 Qd7 24. Nc4 Rad8 25. a3 Bf8 26. Qb3 Ne6 27. Qxb7 a4 28. Qxd7
Rxd7 29. Rfd1 Red8 30. Nb6 Ra7 31. Rd3 Nc5 32. Rc3 Ne4 33. Rxc6 Bxa3 34. Ra1 Bf8
35. f3 Ng5 36. Rxa4 Rb7 37. Rxf6 Be7 38. Rc6 Nf7 39. g4 Kg7 40. Bf4 Kg8 41. Kg2
Kg7 42. Kg3 Kg8 43. h4 Kg7 44. h5 gxh5 45. gxh5 Kg8 46. h6 Re8 47. d5 Bd8 48.
Nc4 Ree7 49. Nd6 1-0

[Event "IM Not A GM Speed Chess"]
[Site "chess.com INT"]
[Date "2020.05.14"]
[Round "3.16"]
[White "Coleman, Teddy"]
[Black "Kashlinskaya, Alina"]
[Result "1-0"]
[WhiteTitle "IM"]
[BlackTitle "IM"]
[WhiteElo "2333"]
[BlackElo "2494"]
[WhiteFideId "2022010"]
[BlackFideId "4198026"]
[EventDate "2020.04.18"]

1. d4 Nf6 2. c4 g6 3. Nc3 Bg7 4. e4 d6 5. Be2 O-O 6. Be3 e5 7. d5 Na6 8. g4 Nc5
9. f3 a5 10. h4 h5 11. g5 Nfd7 12. Qd2 a4 13. O-O-O Nb6 14. Kb1 Bd7 15. Rc1 Qe7
16. Nh3 Kh7 17. Nf2 Rfc8 18. Rhd1 Be8 19. Nb5 Nbd7 20. Rc2 Nb6 21. Rdc1 Ra6 22.
Nd3 Bd7 23. Nxc5 dxc5 24. d6 cxd6 25. Qxd6 Bf8 26. Qxe7 Bxe7 27. Rd2 Be6 28. b3
axb3 29. axb3 Rca8 30. Kc2 Ra2+ 31. Kd1 Rxd2+ 32. Bxd2 Rd8 33. Ke1 f6 34. Be3
fxg5 35. hxg5 Nd7 36. Ra1 Nb8 37. Ra7 Rd7 38. Nc3 Nc6 39. Ra8 Nd4 40. Bd1 Kg7
41. Nd5 Bxd5 42. exd5 Bd8 43. Kf2 Bc7 44. Re8 Rf7 45. Bxd4 exd4 46. Bc2 Kh7 47.
Re6 Rg7 48. d6 Bd8 49. Be4 Bxg5 50. Re5 Bf4 51. Rxh5+ Kg8 52. Rxc5 Bxd6 53. Rc8+
Kh7 54. Rd8 Bc7 55. Rd5 Kh6 56. c5 Re7 57. b4 Be5 58. Ke2 Bf6 59. Kd3 Re8 60.
Rd7 Re7 61. Rxe7 Bxe7 62. Bxb7 Kg5 63. Kxd4 Kf4 64. Kd5 Kxf3 65. Ke6+ 1-0

[Event "IM Not A GM Speed Chess"]
[Site "chess.com INT"]
[Date "2020.05.14"]
[Round "3.17"]
[White "Kashlinskaya, Alina"]
[Black "Coleman, Teddy"]
[Result "1-0"]
[WhiteTitle "IM"]
[BlackTitle "IM"]
[WhiteElo "2494"]
[BlackElo "2333"]
[WhiteFideId "4198026"]
[BlackFideId "2022010"]
[EventDate "2020.04.18"]

1. d4 d5 2. c4 e6 3. Nc3 c6 4. e4 dxe4 5. Nxe4 Bb4+ 6. Bd2 Qxd4 7. Bxb4 Qxe4+ 8.
Be2 a5 9. Bd6 Nh6 10. Qd2 Nf5 11. Ba3 Qd4 12. Bd3 Qe5+ 13. Ne2 c5 14. O-O-O O-O
15. Rhe1 Qc7 16. g4 Ne7 17. Nf4 b6 18. Nh5 Nbc6 19. b3 Nd4 20. Bb2 Nec6 21. Be4
Bb7 22. Bxc6 Qxc6 23. Qg5 1-0

[Event "IM Not A GM Speed Chess"]
[Site "chess.com INT"]
[Date "2020.05.14"]
[Round "3.18"]
[White "Coleman, Teddy"]
[Black "Kashlinskaya, Alina"]
[Result "1/2-1/2"]
[WhiteTitle "IM"]
[BlackTitle "IM"]
[WhiteElo "2333"]
[BlackElo "2494"]
[WhiteFideId "2022010"]
[BlackFideId "4198026"]
[EventDate "2020.04.18"]

1. c4 e5 2. Nc3 Bb4 3. Nd5 Be7 4. Nf3 d6 5. d4 Nf6 6. e4 O-O 7. dxe5 dxe5 8.
Nxe5 Nxd5 9. cxd5 Re8 10. Nf3 Bb4+ 11. Bd2 Rxe4+ 12. Be2 Bxd2+ 13. Qxd2 Qe7 14.
Ng5 Re5 15. Nf3 Re4 16. Ng5 Re5 17. Nf3 Re4 1/2-1/2

[Event "IM Not A GM Speed Chess"]
[Site "chess.com INT"]
[Date "2020.05.14"]
[Round "3.19"]
[White "Kashlinskaya, Alina"]
[Black "Coleman, Teddy"]
[Result "1-0"]
[WhiteTitle "IM"]
[BlackTitle "IM"]
[WhiteElo "2494"]
[BlackElo "2333"]
[WhiteFideId "4198026"]
[BlackFideId "2022010"]
[EventDate "2020.04.18"]

1. d4 d5 2. c4 c6 3. Nf3 Nf6 4. Nc3 e6 5. Bg5 Nbd7 6. e3 Qa5 7. Nd2 Bb4 8. Qc2
O-O 9. Be2 e5 10. Bh4 exd4 11. exd4 Re8 12. Nb3 Bxc3+ 13. bxc3 Qa4 14. cxd5 Nxd5
15. O-O N7b6 16. Rfe1 Be6 17. Bd3 g6 18. Bg3 Nc4 19. Qc1 b6 20. Qh6 Nb2 21. Be4
Qa3 22. Be5 Qf8 23. Qh4 f6 24. Bxd5 fxe5 25. Bxc6 Bxb3 26. axb3 Nd3 27. Re3 Nf4
28. Bxa8 Rxa8 29. dxe5 Rd8 30. Rae1 Qe8 31. Qxf4 1-0

[Event "IM Not A GM Speed Chess"]
[Site "chess.com INT"]
[Date "2020.05.16"]
[Round "3.20"]
[White "Coleman, Teddy"]
[Black "Kashlinskaya, Alina"]
[Result "0-1"]
[WhiteTitle "IM"]
[BlackTitle "IM"]
[WhiteElo "2333"]
[BlackElo "2494"]
[WhiteFideId "2022010"]
[BlackFideId "4198026"]
[EventDate "2020.04.18"]

1. d4 Nf6 2. c4 e6 3. Nc3 Bb4 4. e3 O-O 5. Bd2 d5 6. Nf3 Re8 7. Rc1 b6 8. cxd5
exd5 9. Bd3 Bb7 10. O-O Nbd7 11. Nb5 Bxd2 12. Qxd2 Rc8 13. Nxa7 Ra8 14. Nb5 Rc8
15. Rc2 Qe7 16. Rfc1 c5 17. b3 h6 18. Bf5 g6 19. Bh3 Kg7 20. dxc5 bxc5 21. a4
Ne4 22. Qd3 f5 23. g3 Ndf6 24. Bg2 Ng4 25. h3 Ngf6 26. Nd2 Red8 27. Qe2 d4 28.
exd4 cxd4 29. Qd3 Nc5 30. Qc4 Bxg2 31. Kxg2 d3 32. Rc3 Nce4 33. Qxc8 Rxc8 34.
Rxc8 Nxd2 35. R1c7 Nd7 36. Rxd7 Qxd7 37. Rc7 Qxc7 38. Nxc7 Nxb3 39. Kf1 Kf6 40.
Nd5+ Ke5 41. Nb4 Kd4 42. a5 Nxa5 43. Ke1 Kc3 44. Nd5+ Kc2 45. Ne3+ Kc1 46. Nf1
Nc4 0-1

[Event "IM Not A GM Speed Chess"]
[Site "chess.com INT"]
[Date "2020.05.14"]
[Round "3.21"]
[White "Kashlinskaya, Alina"]
[Black "Coleman, Teddy"]
[Result "1-0"]
[WhiteTitle "IM"]
[BlackTitle "IM"]
[WhiteElo "2494"]
[BlackElo "2333"]
[WhiteFideId "4198026"]
[BlackFideId "2022010"]
[EventDate "2020.04.18"]

1. d4 d5 2. c4 e6 3. Nc3 c6 4. e4 dxe4 5. Nxe4 Bb4+ 6. Bd2 Qxd4 7. Bxb4 Qxe4+ 8.
Be2 a5 9. Bd6 Nh6 10. Qd2 Nf5 11. Ba3 Nd7 12. O-O-O c5 13. Nf3 Qc6 14. g4 Ne7
15. h4 Qc7 16. h5 b6 17. h6 g6 18. Qc3 f6 19. Rd2 Bb7 20. Rhd1 O-O-O 21. b3 e5
22. Bb2 g5 23. Ne1 Nc6 24. Nc2 Nd4 25. Nxd4 exd4 26. Qd3 Ne5 27. Qf5+ Kb8 28.
Kb1 Rhf8 29. Bd3 Bc8 30. Qe4 Bxg4 31. Rg1 Bf3 32. Qxh7 Nxd3 33. Qxd3 Qc6 34. Kc1
Be4 35. Qg3+ Ka7 36. f4 gxf4 37. Qxf4 f5 38. Rg7+ Ka6 39. Rc7 Qg6 40. Rd1 Rh8
41. b4 Qxh6 42. b5# 1-0

[Event "IM Not A GM Speed Chess"]
[Site "chess.com INT"]
[Date "2020.05.14"]
[Round "3.22"]
[White "Coleman, Teddy"]
[Black "Kashlinskaya, Alina"]
[Result "1-0"]
[WhiteTitle "IM"]
[BlackTitle "IM"]
[WhiteElo "2333"]
[BlackElo "2494"]
[WhiteFideId "2022010"]
[BlackFideId "4198026"]
[EventDate "2020.04.18"]

1. d4 Nf6 2. c4 g6 3. Nc3 Bg7 4. e4 d6 5. Be2 O-O 6. Be3 e5 7. d5 Na6 8. g4 Nc5
9. f3 a5 10. h4 h5 11. g5 Nh7 12. Qd2 f5 13. gxf6 Bxf6 14. Bf2 Qe7 15. O-O-O a4
16. Kb1 Bd7 17. Rf1 Bg7 18. Nh3 Bxh3 19. Rxh3 Rf4 20. Rg1 Nf8 21. Be3 Qf7 22.
Bxf4 exf4 23. Rh2 Nfd7 24. Nb5 Ne5 25. Rhg2 Kh7 26. a3 Qf6 27. Nxc7 Rc8 28. Nb5
Nb3 29. Qc2 Nxc4 30. Bxc4 Rxc4 31. Qxc4 1-0

[Event "IM Not A GM Speed Chess"]
[Site "chess.com INT"]
[Date "2020.05.14"]
[Round "3.23"]
[White "Kashlinskaya, Alina"]
[Black "Coleman, Teddy"]
[Result "1-0"]
[WhiteTitle "IM"]
[BlackTitle "IM"]
[WhiteElo "2494"]
[BlackElo "2333"]
[WhiteFideId "4198026"]
[BlackFideId "2022010"]
[EventDate "2020.04.18"]

1. d4 d5 2. c4 c6 3. Nc3 Nf6 4. Nf3 e6 5. Bg5 Nbd7 6. cxd5 exd5 7. e3 Be7 8. Bd3
O-O 9. Qc2 Re8 10. O-O Nf8 11. h3 Be6 12. Bf4 Ng6 13. Bh2 Bd6 14. Bxd6 Qxd6 15.
Rab1 a5 16. Na4 Rad8 17. Nc5 Bc8 18. a3 Re7 19. Rfc1 Rde8 20. b4 axb4 21. axb4
Ne4 22. b5 Qf6 23. Bxe4 dxe4 24. Nd2 Nh4 25. Ndxe4 Qh6 26. Ng3 Nxg2 27. Kxg2
Qxh3+ 28. Kg1 Rxe3 29. Nce4 Rf3 30. Qd1 Bg4 31. Qf1 Qh6 32. Qg2 Rf4 33. Qh2 Qe6
34. Ng5 Qg6 35. N3e4 cxb5 36. Qxf4 1-0

[Event "IM Not A GM Speed Chess"]
[Site "chess.com INT"]
[Date "2020.05.14"]
[Round "3.24"]
[White "Coleman, Teddy"]
[Black "Kashlinskaya, Alina"]
[Result "1-0"]
[WhiteTitle "IM"]
[BlackTitle "IM"]
[WhiteElo "2333"]
[BlackElo "2494"]
[WhiteFideId "2022010"]
[BlackFideId "4198026"]
[EventDate "2020.04.18"]

1. d4 Nf6 2. c4 g6 3. Nc3 Bg7 4. e4 d6 5. Be2 O-O 6. Be3 e5 7. d5 Na6 8. g4 Nc5
9. f3 a5 10. h4 h5 11. g5 Nh7 12. Qd2 f5 13. gxf6 Bxf6 14. Bf2 Bg7 15. O-O-O Rf4
16. Nh3 Bxh3 17. Rxh3 Qf6 18. Kb1 Nf8 19. Be3 Kh7 20. Rg1 a4 21. Nb5 Qf7 22. Rh2
b6 23. Bxf4 exf4 24. Rhg2 a3 25. Nd4 axb2 26. Nf5 Bf6 27. Qxf4 Bg7 28. Qg5 Na4
29. Nxg7 Nc3+ 30. Kc2 Rxa2 31. Kxc3 Qxg7+ 32. Kb3 Ra3+ 33. Kxa3 Qc3+ 34. Ka2
Qa5+ 35. Kb1 Qb4 36. Bd3 Qa3 37. Rxb2 Qxd3+ 38. Rc2 Qb3+ 39. Kc1 Qa3+ 40. Kd2
Qb4+ 41. Ke2 Qb3 42. Rd2 Qxc4+ 43. Kf2 Qc5+ 44. Qe3 Qxe3+ 45. Kxe3 1-0

[Event "IM Not A GM Speed Chess"]
[Site "chess.com INT"]
[Date "2020.05.14"]
[Round "3.1"]
[White "Bartholomew, John"]
[Black "Shahade, Gregory"]
[Result "1/2-1/2"]
[WhiteTitle "IM"]
[BlackTitle "IM"]
[WhiteElo "2446"]
[BlackElo "2476"]
[WhiteFideId "2019353"]
[BlackFideId "2009064"]
[EventDate "2020.04.18"]

1. d4 Nf6 2. c4 g6 3. Nc3 d5 4. Bg5 Ne4 5. Bh4 Nxc3 6. bxc3 dxc4 7. Qa4+ Qd7 8.
Qxc4 b6 9. Nf3 Ba6 10. Qb3 Bg7 11. e3 Bxf1 12. Kxf1 O-O 13. Ke2 Nc6 14. Rhd1 Na5
15. Qb4 e6 16. Kf1 Qd5 17. a4 Rfc8 18. Rac1 Qc4+ 19. Kg1 c5 20. dxc5 Qxc5 21.
Qf4 Qf5 22. Qxf5 gxf5 23. Nd4 Rc4 24. Be7 Rxa4 25. Nb5 Rc4 26. Bb4 a6 27. Nd4
Nc6 28. Bd6 Rc8 29. Rb1 b5 30. Bb4 Bxd4 31. exd4 Nxb4 32. cxb4 Rd8 33. g3 Rdxd4
34. Rxd4 Rxd4 35. Ra1 Rxb4 36. Rxa6 Rb2 37. h4 Kg7 38. Kg2 b4 39. Rb6 Kf6 40.
Kf3 b3 41. Ke3 Rb1 42. Kf4 h6 43. h5 Rh1 44. Rxb3 Rxh5 45. Rb7 Rh1 46. Kf3 Ra1
47. Rb8 Ra4 48. Rh8 Ra3+ 49. Kg2 Kg7 50. Rb8 Kg6 51. Rb4 Kf6 52. Rb7 Rd3 53. Rb8
Rd4 54. Rb5 Kg7 55. Rb1 Kg6 56. Rh1 Rd5 57. Rh4 e5 58. Rh1 e4 59. Ra1 Kg5 60.
Ra7 Rd2 61. Kg1 f4 62. gxf4+ Kg4 63. Ra3 Kxf4 64. Rh3 Kg5 65. Rg3+ Kf5 66. Rh3
Kg6 67. Rg3+ Kf5 68. Rh3 Rd6 69. Rh5+ Kg4 70. Re5 f5 71. Kg2 Kf4 72. Ra5 Rg6+
73. Kf1 Rc6 74. Rb5 Rc3 75. Ra5 Kg4 76. Ra8 f4 77. Kg2 Rc2 78. Rg8+ Kh4 79. Rf8
Kg5 80. Rg8+ Kh4 81. Rf8 f3+ 82. Kg1 Rc1+ 83. Kh2 Rf1 84. Rf4+ Kg5 85. Rxe4
Rxf2+ 86. Kg3 Rf1 87. Re5+ Kf6 88. Ra5 Kg6 89. Ra4 h5 90. Rf4 Kg5 91. Rxf3 h4+
92. Kg2 Rxf3 93. Kxf3 h3 94. Kg3 h2 95. Kxh2 1/2-1/2

[Event "IM Not A GM Speed Chess"]
[Site "chess.com INT"]
[Date "2020.05.16"]
[Round "3.2"]
[White "Shahade, Gregory"]
[Black "Bartholomew, John"]
[Result "1/2-1/2"]
[WhiteTitle "IM"]
[BlackTitle "IM"]
[WhiteElo "2476"]
[BlackElo "2446"]
[WhiteFideId "2009064"]
[BlackFideId "2019353"]
[EventDate "2020.04.18"]

1. e4 c6 2. Nc3 d5 3. Nf3 Bg4 4. h3 Bxf3 5. Qxf3 Nf6 6. Be2 e6 7. O-O Bc5 8. Rd1
Bd4 9. Qf4 e5 10. Qg3 O-O 11. d3 Na6 12. Bg5 Nc7 13. Bf3 Qd6 14. Ne2 Bb6 15. d4
Nxe4 16. Bxe4 dxe4 17. dxe5 Qe6 18. Bf6 Ne8 19. Nd4 Bxd4 20. Rxd4 Nxf6 21. exf6
Qxf6 22. c3 Rae8 23. Re1 Qe6 24. Rdxe4 Qxe4 25. Rxe4 Rxe4 26. Qc7 Re1+ 27. Kh2
Re2 28. Qxb7 Rxf2 29. a4 h5 30. b4 h4 31. Qe7 Rc2 32. Qxa7 Rxc3 33. Qd4 Rb3 34.
Qc4 Rb2 35. Qd4 Rb3 36. Qc4 Rb2 37. Qd4 Rb3 1/2-1/2

[Event "IM Not A GM Speed Chess"]
[Site "chess.com INT"]
[Date "2020.05.17"]
[Round "3.3"]
[White "Bartholomew, John"]
[Black "Shahade, Gregory"]
[Result "1-0"]
[WhiteTitle "IM"]
[BlackTitle "IM"]
[WhiteElo "2446"]
[BlackElo "2476"]
[WhiteFideId "2019353"]
[BlackFideId "2009064"]
[EventDate "2020.04.18"]

1. d4 Nf6 2. Nf3 g6 3. Bg5 Bg7 4. Nbd2 O-O 5. e3 d6 6. Bc4 c5 7. c3 h6 8. Bh4 d5
9. Be2 cxd4 10. cxd4 Nc6 11. O-O Bf5 12. Rc1 Qb6 13. Qb3 Rfc8 14. Qxb6 axb6 15.
a3 g5 16. Bg3 Ne4 17. Nxe4 Bxe4 18. Rc3 Bf5 19. Rfc1 Bd7 20. h4 g4 21. Ne5 Nxe5
22. Bxe5 Bxe5 23. dxe5 Rxc3 24. Rxc3 Rc8 25. Rxc8+ Bxc8 26. h5 f6 27. exf6 exf6
28. Kh2 f5 29. Kg3 Kg7 30. Kf4 Kf6 31. Bb5 Be6 32. Be8 Ke7 33. Ke5 f4 34. g3
fxg3 35. fxg3 Bc8 36. Bg6 Be6 37. Bf5 Bxf5 38. Kxf5 Kd6 39. Kxg4 Ke5 40. Kf3 b5
41. g4 b6 42. b4 d4 43. exd4+ Kxd4 44. g5 Ke5 45. gxh6 Kf6 46. Ke4 1-0